PHARMACOLOGY FOR UNDERGRADUATES (Record no. 6137)

MARC details
000 -LEADER
fixed length control field 00451nam a22001817a 4500
005 - DATE AND TIME OF LATEST TRANSACTION
control field 20210827122209.0
008 - FIXED-LENGTH DATA ELEMENTS--GENERAL INFORMATION
fixed length control field 200318b xxu||||| |||| 00| 0 eng d
020 ## - INTERNATIONAL STANDARD BOOK NUMBER
ISBN 9788123923901
041 ## - LANGUAGE CODE
Language code of text/sound track or separate title eng
082 ## - DEWEY DECIMAL CLASSIFICATION NUMBER
Classification number 615
100 ## - MAIN ENTRY--AUTHOR NAME
Personal name AGARWAL ,S.L
245 ## - TITLE STATEMENT
Title PHARMACOLOGY FOR UNDERGRADUATES
250 ## - EDITION STATEMENT
Edition statement 3' RD
260 ## - PUBLICATION, DISTRIBUTION, ETC. (IMPRINT)
Place of publication NEW DELHI
Name of publisher CBS PUBLISHERS AND DISTRIBUTORS
Year of publication 2014
300 ## - PHYSICAL DESCRIPTION
Number of Pages 570 P. ; X
650 ## - SUBJECT ADDED ENTRY--TOPICAL TERM
Topical Term PHARMCY
942 ## - ADDED ENTRY ELEMENTS (KOHA)
Koha item type Books
Holdings
Lost status Damaged status Collection code Home library Current library Shelving location Date acquired Source of acquisition Cost, normal purchase price Full call number Accession Number Koha item type
    PHARMACY JRU Library JRU Library Shelf - 21- D 18/03/2020 PURCHASE 475.00 615 23786 Books
    Reference JRU Library JRU Library SHELF-9-A 18/03/2020 PURCHASE 475.00 615 23787 Books